[Event "Reykjavik op"]
[Site "Reykjavik"]
[Date "2012.03.13"]
[Round "9"]
[White "Haga, Halvor"]
[Black "Sigurdsson, Birkir Karl"]
[Result "1-0"]
[WhiteElo "2032"]
[BlackElo "1716"]
[PlyCount "59"]
[EventDate "2012.03.06"]
[EventType "swiss"]
[EventRounds "9"]
[EventCountry "ISL"]
[SourceTitle "CBM 147 Extra"]
[Source "ChessBase"]
[SourceDate "2012.04.24"]
[SourceVersion "1"]
[SourceVersionDate "2012.04.24"]
[SourceQuality "1"]

1. d4 Nf6 2. Nf3 e6 3. Bf4 b6 4. e3 Bb7 5. Be2 Be7 6. 0-0 0-0 7. h3 c5 8. c3 d6 9. Nbd2 Nbd7 10. Nc4 d5 11. Nce5 Nxe5 12. Nxe5 c4 13. b3 cxb3 14. axb3 Ne4 15. Qc2 Bg5 16. Bh2 Rc8 17. c4 a5 18. Bd3 f5 19. Rfc1 g6 20. Qe2 f4 21. f3 Nd6 22. c5 Nf5 23. exf4 Bxf4 24. Bxf4 Nxd4 25. Qe3 Nxb3 26. Nxg6 hxg6 27. Qxe6+ Rf7 28. Qxg6+ Rg7 29. Qe6+ Rf7 30. Bh7+ 1-0

[Event "Reykjavik op"]
[Site "Reykjavik"]
[Date "2012.03.11"]
[Round "7"]
[White "Haga, Halvor"]
[Black "Langer, Mikhail"]
[Result "0-1"]
[WhiteElo "2032"]
[BlackElo "2217"]
[PlyCount "70"]
[EventDate "2012.03.06"]
[EventType "swiss"]
[EventRounds "9"]
[EventCountry "ISL"]
[SourceTitle "CBM 147 Extra"]
[Source "ChessBase"]
[SourceDate "2012.04.24"]
[SourceVersion "1"]
[SourceVersionDate "2012.04.24"]
[SourceQuality "1"]

1. f4 d5 2. Nf3 g6 3. e3 Bg7 4. Be2 Nc6 5. d4 Nf6 6. c4 e6 7. 0-0 0-0 8. Nc3 b6 9. Ne5 Bb7 10. b3 Re8 11. Ba3 Ne7 12. Qe1 Nd7 13. Nxd7 Qxd7 14. Bf3 c5 15. dxc5 d4 16. Rd1 Red8 17. Rd3 Nf5 18. Nd1 Bxf3 19. Rxf3 Qe7 20. e4 Ne3 21. Nxe3 dxe3 22. Qxe3 Rxd3 23. Qxd3 Rd8 24. Qe2 Bd4+ 25. Kf1 bxc5 26. Bc1 Qb7 27. f5 exf5 28. exf5 Qd7 29. fxg6 hxg6 30. Rd3 Re8 31. Qf3 Re6 32. Qa8+ Kg7 33. Bg5 Re8 34. Qf3 Qe6 35. Bh4 Qe4 0-1

[Event "Reykjavik op"]
[Site "Reykjavik"]
[Date "2012.03.10"]
[Round "5"]
[White "Haga, Halvor"]
[Black "Thompson, Ian D"]
[Result "0-1"]
[WhiteElo "2032"]
[BlackElo "2255"]
[PlyCount "127"]
[EventDate "2012.03.06"]
[EventType "swiss"]
[EventRounds "9"]
[EventCountry "ISL"]
[SourceTitle "CBM 147 Extra"]
[Source "ChessBase"]
[SourceDate "2012.04.24"]
[SourceVersion "1"]
[SourceVersionDate "2012.04.24"]
[SourceQuality "1"]

1. f4 d5 2. Nf3 Bg4 3. e3 Nd7 4. d4 Bxf3 5. Qxf3 Ngf6 6. Bd3 e6 7. 0-0 c5 8. c3 Bd6 9. Nd2 Qc7 10. b3 cxd4 11. exd4 Qxc3 12. Rb1 Qxd4+ 13. Kh1 0-0 14. Bb2 Qb4 15. Bc3 Qb6 16. g4 Rfc8 17. Bb2 Nc5 18. g5 Nxd3 19. Qxd3 Ne4 20. Nxe4 dxe4 21. Qxe4 Qc6 22. Qxc6 Rxc6 23. Rf2 Bc5 24. Re2 Rd8 25. Rc1 Bb4 26. Rxc6 bxc6 27. Kg2 Rd2 28. Kf3 Rxe2 29. Kxe2 Bd6 30. Ke3 Kf8 31. Ke4 g6 32. Bd4 a6 33. Be5 Ba3 34. Kd4 Ke7 35. Kc4 Kd7 36. Bc3 Bd6 37. Be5 Ba3 38. Bc3 Bc1 39. Be5 Be3 40. Kb4 Kc8 41. Kc4 Kb7 42. Bd6 Bg1 43. h3 Be3 44. Be5 c5 45. Bd6 Kc6 46. Be5 Bc1 47. Bb8 Bd2 48. Be5 Ba5 49. Ba1 Bd8 50. Be5 Be7 51. Bc3 Bf8 52. Be5 h6 53. h4 h5 54. Bf6 Bd6 55. Be5 Be7 56. Bf6 Bxf6 57. gxf6 Kd6 58. a4 e5 59. fxe5+ Kxe5 60. Kxc5 g5 61. hxg5 h4 62. Kc6 h3 63. Kd7 Kf5 64. Ke7 0-1

[Event "Reykjavik op"]
[Site "Reykjavik"]
[Date "2012.03.07"]
[Round "2"]
[White "Johannesson, Oliver Aron"]
[Black "Haga, Halvor"]
[Result "1-0"]
[WhiteElo "1677"]
[BlackElo "2032"]
[PlyCount "25"]
[EventDate "2012.03.06"]
[EventType "swiss"]
[EventRounds "9"]
[EventCountry "ISL"]
[SourceTitle "CBM 147 Extra"]
[Source "ChessBase"]
[SourceDate "2012.04.24"]
[SourceVersion "1"]
[SourceVersionDate "2012.04.24"]
[SourceQuality "1"]

1. e4 Nf6 2. e5 Nd5 3. d4 d6 4. Nf3 dxe5 5. Nxe5 c6 6. Be2 Bf5 7. g4 Be6 8. Nd2 Nf4 9. Ndf3 Nxe2 10. Qxe2 Qc8 11. Rg1 f6 12. Nc4 Bxg4 13. Nd6+ 1-0

[Event "Gibraltar Masters 9th"]
[Site "Caleta"]
[Date "2011.02.03"]
[Round "10"]
[White "Haga, Halvor"]
[Black "Kuehnast, Volker"]
[Result "0-1"]
[WhiteElo "2024"]
[BlackElo "1899"]
[PlyCount "61"]
[EventDate "2011.01.25"]
[EventType "swiss"]
[EventRounds "10"]
[EventCountry "GGB"]
[SourceTitle "CBM 141"]
[Source "ChessBase"]
[SourceDate "2011.03.17"]
[SourceVersion "1"]
[SourceVersionDate "2011.03.17"]
[SourceQuality "1"]

1. e4 g6 2. Nf3 d6 3. g3 Bg7 4. Bg2 c5 5. 0-0 Nc6 6. c3 Nf6 7. Re1 e5 8. d3 0-0 9. a3 b5 10. b4 a5 11. bxc5 dxc5 12. Be3 Qd6 13. Ra2 Rb8 14. d4 cxd4 15. cxd4 Ng4 16. Bc1 Nxd4 17. Nxd4 Qxd4 18. Rd2 Qa7 19. h3 Nf6 20. Rd6 b4 21. Be3 Qc7 22. Qd2 Qc4 23. Rxf6 Bxf6 24. Qd6 Be6 25. Nd2 Qc3 26. axb4 axb4 27. Nf3 Rfd8 28. Qa6 b3 29. Rc1 Qd3 30. Qa5 b2 31. Bf1 0-1

[Event "Gibraltar Masters 9th"]
[Site "Caleta"]
[Date "2011.02.01"]
[Round "8"]
[White "Salomon, Johan"]
[Black "Haga, Halvor"]
[Result "1-0"]
[WhiteElo "1836"]
[BlackElo "2024"]
[PlyCount "59"]
[EventDate "2011.01.25"]
[EventType "swiss"]
[EventRounds "10"]
[EventCountry "GGB"]
[SourceTitle "CBM 141"]
[Source "ChessBase"]
[SourceDate "2011.03.17"]
[SourceVersion "1"]
[SourceVersionDate "2011.03.17"]
[SourceQuality "1"]

1. e4 g6 2. d4 Bg7 3. Nf3 c6 4. Bd3 d6 5. 0-0 Nd7 6. Nc3 b5 7. Ne2 Ngf6 8. Ng3 0-0 9. a4 Qa5 10. Bd2 b4 11. c3 c5 12. cxb4 cxb4 13. Qb3 Rb8 14. Bb5 a6 15. Bxd7 Bxd7 16. Rfc1 e5 17. d5 Ng4 18. h3 Nh6 19. Rc4 f5 20. Rxb4 Rxb4 21. Qxb4 Qxb4 22. Bxb4 fxe4 23. Nxe4 Rf4 24. Nfd2 Bf5 25. f3 Bxe4 26. Nxe4 Nf5 27. Bd2 Rh4 28. Bg5 Rh5 29. g4 Rxh3 30. Kg2 1-0

[Event "Gibraltar Challengers-B 9th"]
[Site "Caleta"]
[Date "2011.02.01"]
[Round "4"]
[White "Spence, David"]
[Black "Haga, Halvor"]
[Result "0-1"]
[WhiteElo "2231"]
[BlackElo "2024"]
[PlyCount "64"]
[EventDate "2011.01.29"]
[EventType "swiss"]
[EventRounds "5"]
[EventCountry "GGB"]
[SourceTitle "CBM 140 Extra"]
[Source "ChessBase"]
[SourceDate "2011.03.01"]
[SourceVersion "1"]
[SourceVersionDate "2011.03.01"]
[SourceQuality "1"]

1. e4 Nf6 2. e5 Nd5 3. d4 d6 4. Nf3 dxe5 5. Nxe5 c6 6. c4 Nb4 7. Be3 Bf5 8. Nd3 e5 9. Nxb4 Bxb4+ 10. Nc3 exd4 11. Qxd4 Qxd4 12. Bxd4 0-0 13. 0-0-0 Rd8 14. Be2 Nd7 15. g4 Bg6 16. a3 Nc5 17. Bxc5 Bxc5 18. Rhf1 Rxd1+ 19. Nxd1 Re8 20. Kd2 Rd8+ 21. Kc1 f5 22. gxf5 Bxf5 23. Ne3 Bh3 24. Rg1 Rf8 25. Rg3 Rxf2 26. Bd3 Rxh2 27. Nc2 Bd6 28. Rf3 Bg4 29. Rf1 Be2 30. Bxe2 Rxe2 31. Rd1 Bf4+ 32. Kb1 Rd2 0-1

[Event "Gibraltar Masters 9th"]
[Site "Caleta"]
[Date "2011.01.30"]
[Round "6"]
[White "Martinez Gonzalez, Francisco"]
[Black "Haga, Halvor"]
[Result "1-0"]
[WhiteElo "1870"]
[BlackElo "2024"]
[PlyCount "69"]
[EventDate "2011.01.25"]
[EventType "swiss"]
[EventRounds "10"]
[EventCountry "GGB"]
[SourceTitle "CBM 141"]
[Source "ChessBase"]
[SourceDate "2011.03.17"]
[SourceVersion "1"]
[SourceVersionDate "2011.03.17"]
[SourceQuality "1"]

1. d4 f5 2. c4 Nf6 3. Nc3 e6 4. Nf3 d5 5. g3 c6 6. Bg2 Bd6 7. c5 Be7 8. Bf4 b6 9. b4 0-0 10. 0-0 Bb7 11. Qc2 a5 12. a3 Ne4 13. Rfb1 axb4 14. axb4 Rxa1 15. Rxa1 Na6 16. Qb3 g5 17. Bc1 Bc8 18. Ne5 Qe8 19. Bxe4 fxe4 20. b5 cxb5 21. c6 b4 22. Nb5 Qh5 23. Qe3 g4 24. c7 Qf5 25. Nc6 Bf6 26. Nd6 Qh5 27. Nxc8 Nxc7 28. Nxb6 e5 29. Nd7 exd4 30. Nxf6+ Rxf6 31. Nxd4 b3 32. Nxb3 Ne6 33. Nd4 Ng7 34. Qg5 Qf7 35. Ra8+ 1-0

[Event "Gibraltar Masters 9th"]
[Site "Caleta"]
[Date "2011.01.29"]
[Round "5"]
[White "Haga, Halvor"]
[Black "Monroy, Charles"]
[Result "0-1"]
[WhiteElo "2024"]
[BlackElo "2421"]
[PlyCount "98"]
[EventDate "2011.01.25"]
[EventType "swiss"]
[EventRounds "10"]
[EventCountry "GGB"]
[SourceTitle "CBM 141"]
[Source "ChessBase"]
[SourceDate "2011.03.17"]
[SourceVersion "1"]
[SourceVersionDate "2011.03.17"]
[SourceQuality "1"]

1. e4 c5 2. Nf3 Nc6 3. g3 g6 4. Bg2 Bg7 5. c3 d6 6. 0-0 Nf6 7. Re1 0-0 8. d3 Rb8 9. a4 b6 10. Nbd2 Ba6 11. Nc4 Nd7 12. Nfd2 Qc7 13. f4 e6 14. Qe2 Rbd8 15. Ne3 Rfe8 16. f5 Nde5 17. Ndc4 Qd7 18. Rf1 Qe7 19. fxe6 fxe6 20. Ng4 Nxc4 21. dxc4 Na5 22. Ne3 Nb3 23. Rb1 d5 24. Qc2 Nxc1 25. Qxc1 d4 26. cxd4 cxd4 27. Ng4 d3 28. e5 d2 29. Qc3 Qc5+ 30. Kh1 Qxc4 31. Nf6+ Kh8 32. Qxc4 Bxc4 33. Nxe8 Bxf1 34. Nd6 Bxg2+ 35. Kxg2 Kg8 36. Rd1 Bxe5 37. Nc4 Bg7 38. Kf3 Bh6 39. Ke2 Rd4 40. b3 Rd5 41. Rf1 Kg7 42. Rd1 Kf6 43. Rf1+ Ke7 44. Rd1 Kd7 45. Nb2 Kd6 46. Rf1 Re5+ 47. Kd1 Rf5 48. Rh1 Rf3 49. Kc2 Kd5 0-1

[Event "Gibraltar Challengers-A 9th"]
[Site "Caleta"]
[Date "2011.01.25"]
[Round "2"]
[White "Byron, Alan M"]
[Black "Haga, Halvor"]
[Result "1/2-1/2"]
[WhiteElo "2192"]
[BlackElo "2024"]
[PlyCount "37"]
[EventDate "2011.01.24"]
[EventType "swiss"]
[EventRounds "5"]
[EventCountry "GGB"]
[SourceTitle "CBM 140 Extra"]
[Source "ChessBase"]
[SourceDate "2011.03.01"]
[SourceVersion "1"]
[SourceVersionDate "2011.03.01"]
[SourceQuality "1"]

1. d4 f5 2. e4 fxe4 3. Nc3 Nf6 4. Bg5 e6 5. Nxe4 Be7 6. Ng3 d5 7. Nf3 c5 8. Bb5+ Nc6 9. 0-0 0-0 10. c3 Qb6 11. Qe2 cxd4 12. cxd4 Nxd4 13. Nxd4 Qxd4 14. Rad1 Qb6 15. Bd3 Bd7 16. Nh5 Rae8 17. Be3 Bc5 18. Nxf6+ Rxf6 19. Bxh7+ 1/2-1/2

[Event "NOR-chT Clubs"]
[Site "Drammen"]
[Date "2010.10.10"]
[Round "5"]
[White "Haga, Halvor"]
[Black "Tari, Aryan"]
[Result "1/2-1/2"]
[WhiteElo "1961"]
[BlackElo "1999"]
[PlyCount "167"]
[EventDate "2010.10.08"]
[EventType "team"]
[EventRounds "6"]
[EventCountry "NOR"]
[SourceTitle "EXT 2015"]
[Source "ChessBase"]
[SourceDate "2014.11.20"]
[SourceVersion "1"]
[SourceVersionDate "2014.11.20"]
[SourceQuality "1"]
[WhiteTeam "Black Knights II"]
[BlackTeam "Asker II"]
[WhiteTeamCountry "NOR"]
[BlackTeamCountry "NOR"]

1. e4 c5 2. Nf3 Nc6 3. g3 g6 4. Bg2 Bg7 5. 0-0 e6 6. d3 Nge7 7. c3 d5 8. Nbd2 0-0 9. Qe2 b6 10. Re1 Ba6 11. e5 Qc7 12. Nf1 Rfe8 13. Bf4 h6 14. h4 Kh7 15. N1h2 Ng8 16. Ng4 Qe7 17. Bf1 Rad8 18. Qd2 d4 19. c4 Bb7 20. Bg2 a6 21. b3 Qd7 22. Qe2 Nce7 23. h5 gxh5 24. Nf6+ Nxf6 25. exf6 Bxf6 26. Be5 Ng8 27. Bxf6 Nxf6 28. Ne5 Qe7 29. Bc6 Rf8 30. Qf3 Ba8 31. a3 Ng4 32. Bxa8 Nxe5 33. Rxe5 Rxa8 34. Rxh5 f5 35. Kg2 Rae8 36. Rah1 Rf6 37. Qf4 Qg7 38. Qd6 Qb7+ 39. f3 Rg8 40. Kf2 Qg7 41. R5h3 f4 42. g4 Rg6 43. Qxf4 Rf8 44. Qe4 Kg8 45. Kg3 Rgf6 46. Kg2 Qg5 47. Qe2 Rg6 48. Rh5 Qf4 49. Re5 Rff6 50. Re1 Kf7 51. b4 h5 52. Rxh5 Rh6 53. Reh1 Rxh5 54. Rxh5 Rh6 55. Rxh6 Qxh6 56. bxc5 bxc5 57. Kg3 Qc1 58. f4 Qxa3 59. f5 e5 60. g5 Qc1 61. Qh5+ Ke7 62. Qh7+ Kd6 63. Qg6+ Kc7 64. Qg7+ Kc6 65. Qf6+ Kb7 66. Qxe5 Qxg5+ 67. Kf3 Qh5+ 68. Ke4 Qh1+ 69. Kf4 Qh2+ 70. Ke4 Qg2+ 71. Kf4 Qh2+ 72. Ke4 Qh1+ 73. Kf4 Qh4+ 74. Kf3 Qh5+ 75. Ke4 Qh1+ 76. Kf4 Qh4+ 77. Kf3 Qh3+ 78. Kf4 Qh2+ 79. Ke4 Qg2+ 80. Kf4 Qh2+ 81. Ke4 Qh1+ 82. Kf4 Qh4+ 83. Kf3 Qh3+ 84. Ke4 1/2-1/2

[Event "Calvia Amateur op 6th"]
[Site "Calvia"]
[Date "2009.10.16"]
[Round "7"]
[White "Minina, Veronika"]
[Black "Haga, Halvor"]
[Result "1-0"]
[WhiteElo "2167"]
[BlackElo "1986"]
[PlyCount "77"]
[EventDate "2009.10.10"]
[EventType "swiss"]
[EventRounds "9"]
[EventCountry "ESP"]
[SourceTitle "CBM 132 Extra"]
[Source "ChessBase"]
[SourceDate "2009.11.03"]
[SourceVersion "1"]
[SourceVersionDate "2009.11.03"]
[SourceQuality "1"]

1. Nf3 f5 2. g3 Nf6 3. Bg2 d6 4. d4 e6 5. 0-0 Be7 6. c4 0-0 7. b4 Ne4 8. Bb2 Bf6 9. Qb3 Kh8 10. Nc3 Nxc3 11. Bxc3 Qe8 12. Rfe1 e5 13. dxe5 dxe5 14. e4 fxe4 15. Rxe4 Bf5 16. Re3 Nd7 17. Rae1 e4 18. Nd4 Qf7 19. Bxe4 Bxe4 20. Rxe4 Ne5 21. f4 Nxc4 22. Ne6 Bxc3 23. Qxc3 Nd6 24. Re5 Rfc8 25. Ng5 Qc4 26. Qxc4 Nxc4 27. Rc5 Nd6 28. Re7 Ne8 29. Ne6 b6 30. Rc6 a5 31. b5 Ra7 32. a4 Kg8 33. Kg2 g6 34. Kf3 Rb7 35. Ng5 Ng7 36. Rf6 Re8 37. Rd7 h6 38. Ne4 Re6 39. Rxg7+ 1-0

[Event "Oslo ASKO op"]
[Site "Oslo"]
[Date "2006.11.24"]
[Round "1"]
[White "Skrondal, Inge Sandstad"]
[Black "Haga, Halvor"]
[Result "1-0"]
[WhiteElo "2101"]
[BlackElo "1717"]
[PlyCount "33"]
[EventDate "2006.11.24"]
[EventType "swiss"]
[EventRounds "5"]
[EventCountry "NOR"]
[SourceTitle "EXT 2008"]
[Source "ChessBase"]
[SourceDate "2007.11.25"]
[SourceVersion "1"]
[SourceVersionDate "2007.11.25"]
[SourceQuality "1"]

1. d4 f5 2. g3 Nf6 3. Bg2 e6 4. c4 d6 5. Nc3 Be7 6. Nh3 0-0 7. 0-0 Qe8 8. b4 e5 9. Rb1 Qh5 10. e3 Ng4 11. dxe5 dxe5 12. Qd5+ Kh8 13. f3 Rd8 14. fxg4 Qxg4 15. Qf7 Bf6 16. Nf2 Qg5 17. Nd5 1-0

[Event "Porsgrunn U18"]
[Site "Porsgrunn"]
[Date "1996.??.??"]
[Round "?"]
[White "Haga, Halvor"]
[Black "Hersvik, Kai Arne"]
[Result "1-0"]
[WhiteElo "1695"]
[BlackElo "1750"]
[PlyCount "53"]
[EventDate "1996.??.??"]
[EventType "swiss"]
[EventRounds "9"]
[EventCountry "NOR"]
[SourceTitle "EXT 2006"]
[Source "ChessBase"]
[SourceDate "2005.11.24"]
[SourceVersion "1"]
[SourceVersionDate "2005.11.24"]
[SourceQuality "1"]

1. e4 e6 2. Nf3 d5 3. e5 c5 4. c3 Nc6 5. d4 Bd7 6. a3 cxd4 7. cxd4 Nge7 8. b4 Ng6 9. Nbd2 Be7 10. Nb3 0-0 11. Bd3 Rc8 12. 0-0 Nh8 13. Nc5 b6 14. Nxd7 Qxd7 15. Bb2 f6 16. Bb5 f5 17. Qa4 a6 18. Qxa6 Qd8 19. Qa4 Nb8 20. Rfc1 Rxc1+ 21. Rxc1 g5 22. Qa7 Rf7 23. Rc7 Bf8 24. Rxf7 Nxf7 25. Qb7 g4 26. Ne1 Ng5 27. Nd3 1-0

[Event "Porsgrunn U18"]
[Site "Porsgrunn"]
[Date "1996.??.??"]
[Round "?"]
[White "Nordhaug, Ingerid W"]
[Black "Haga, Halvor"]
[Result "1-0"]
[WhiteElo "1780"]
[BlackElo "1695"]
[PlyCount "71"]
[EventDate "1996.??.??"]
[EventType "swiss"]
[EventRounds "9"]
[EventCountry "NOR"]
[SourceTitle "EXT 2006"]
[Source "ChessBase"]
[SourceDate "2005.11.24"]
[SourceVersion "1"]
[SourceVersionDate "2005.11.24"]
[SourceQuality "1"]

1. e4 Nf6 2. e5 Nd5 3. d4 d6 4. c4 Nb6 5. exd6 exd6 6. d5 Be7 7. Be3 Bf6 8. Nc3 N8d7 9. Nf3 Ne5 10. Nxe5 Bxe5 11. Qc2 Nd7 12. Bd3 Bxc3+ 13. Qxc3 Ne5 14. Bc2 Bg4 15. f4 Ng6 16. Qxg7 Qe7 17. Qd4 Rg8 18. 0-0 Be2 19. Rf2 Nh4 20. Be4 f5 21. Rxe2 fxe4 22. Kh1 Nf5 23. Qd2 Kf7 24. Bf2 Rg6 25. Rae1 Re8 26. Qc2 Reg8 27. Rxe4 Qf6 28. Re6 Ng3+ 29. Bxg3 Qxf4 30. Re7+ Kf8 31. Bxf4 Re6 32. R1xe6 Rg5 33. Re8+ Kf7 34. Qxh7+ Rg7 35. R8e7+ Kf8 36. Qxg7# 1-0